| 000 | 00571nam a2200229Ia 4500 | ||
|---|---|---|---|
| 003 | OSt | ||
| 005 | 20220924142110.0 | ||
| 006 | a|||||r|||| 00| 0 | ||
| 007 | ta | ||
| 008 | 220923b |||||||| |||| 00| 0 ben d | ||
| 024 | _a300395 | ||
| 037 | _cTextual | ||
| 040 |
_aARTS _cARTS _bben |
||
| 041 |
_2ben _aben |
||
| 082 | _aV2:25wM791, 157L3 | ||
| 100 |
_aChattopadhyay _9176213 |
||
| 245 | 0 | _aKalo chashmar arale | |
| 260 | _c1973 | ||
| 650 | _aHISTORY | ||
| 942 |
_hV2:25wM791, 157L3 _cTEXL _2CC |
||
| 999 |
_c449284 _d449284 |
||